[Event "Belgrade Radnicki IM 07"]
[Site "Belgrade"]
[Date "2023.07.28"]
[Round "3"]
[White "Svicevic, Rastko"]
[Black "Carnic, Srdjan"]
[Result "1-0"]
[WhiteElo "2154"]
[BlackElo "2277"]
[PlyCount "89"]
[EventDate "2023.07.26"]
[EventType "schev"]
[EventRounds "9"]
[EventCountry "SRB"]
[SourceTitle "CBM 215 Extra"]
[Source "ChessBase"]
[SourceDate "2023.09.30"]
[SourceVersion "1"]
[SourceVersionDate "2023.09.30"]
[SourceQuality "1"]

1. e4 c5 2. Nf3 d6 3. Bb5+ Bd7 4. c4 Nc6 5. Nc3 g6 6. 0-0 Bg7 7. Bxc6 Bxc6 8. d4 cxd4 9. Nxd4 Nf6 10. Nxc6 bxc6 11. Qa4 Qc8 12. c5 dxc5 13. e5 Nd7 14. f4 0-0 15. Ne4 f6 16. Qc4+ Kh8 17. Bd2 fxe5 18. Ng5 h6 19. Nf7+ Kh7 20. fxe5 Nxe5 21. Nxe5 Bxe5 22. Rf7+ Rxf7 23. Qxf7+ Bg7 24. Bc3 Qg8 25. Qxe7 Kh8 26. Rf1 Bxc3 27. bxc3 Qxa2 28. h3 Kg8 29. Rf6 Qb1+ 30. Kh2 Kh8 31. Rf7 Qb8+ 32. Kg1 Qb1+ 33. Rf1 Qd3 34. Qe5+ Kg8 35. Qe6+ Kh8 36. Qe5+ Kg8 37. Rf6 Rd8 38. Qe6+ Kh8 39. Qe5 Kg8 40. Qe6+ Kh8 41. Rxg6 Qb1+ 42. Kh2 Qb8+ 43. Rg3 Qd6 44. Qf7 Qe5 45. Qg6 1-0

[Event "Titled Tuesday intern op 11th Jul Late"]
[Site "Chess.com INT"]
[Date "2023.07.11"]
[Round "2"]
[White "Svicevic, Rastko"]
[Black "Mortazavi, Ali"]
[Result "0-1"]
[WhiteElo "2154"]
[BlackElo "2333"]
[PlyCount "72"]
[EventDate "2023.07.11"]
[EventType "swiss (blitz)"]
[EventRounds "11"]
[EventCountry "USA"]
[SourceTitle "EXT 2024"]
[Source "ChessBase"]
[SourceDate "2023.10.10"]
[SourceVersion "1"]
[SourceVersionDate "2023.10.10"]
[SourceQuality "1"]

1. d4 Nf6 2. Bg5 Ne4 3. Bf4 d5 4. e3 Bf5 5. Bd3 e6 6. Ne2 Be7 7. h3 0-0 8. 0-0 c5 9. Nd2 Nc6 10. Bxe4 Bxe4 11. Nxe4 dxe4 12. c3 f5 13. dxc5 e5 14. Qb3+ Kh8 15. Bh2 Qc7 16. Nd4 Na5 17. Qa4 Rf6 18. b4 Nc4 19. Qb5 Nb2 20. c6 f4 21. Qxb7 Qxb7 22. cxb7 Rb8 23. Ne2 Nd3 24. exf4 exf4 25. a3 Rxb7 26. c4 f3 27. Nc3 Rg6 28. g4 Bf6 29. Nxe4 Bxa1 30. Rxa1 h5 31. Rd1 Nb2 32. c5 hxg4 33. Nd6 Re7 34. Bg3 Na4 35. c6 Nc3 36. Rd4 Ne2+ 0-1

[Event "Titled Tuesday intern op 04th Jul Late"]
[Site "Chess.com INT"]
[Date "2023.07.04"]
[Round "5"]
[White "Svicevic, Rastko"]
[Black "Reprintsev, Alexander"]
[Result "0-1"]
[WhiteElo "2154"]
[BlackElo "2225"]
[PlyCount "82"]
[EventDate "2023.07.04"]
[EventType "swiss (blitz)"]
[EventRounds "11"]
[EventCountry "USA"]
[SourceTitle "EXT 2024"]
[Source "ChessBase"]
[SourceDate "2023.10.10"]
[SourceVersion "1"]
[SourceVersionDate "2023.10.10"]
[SourceQuality "1"]

1. d4 d5 2. Bg5 Nc6 3. e3 f6 4. Bh4 Nh6 5. Bg3 e5 6. c3 Nf5 7. Bb5 h5 8. Bxc6+ bxc6 9. h3 Nxg3 10. fxg3 Bd6 11. Ne2 c5 12. Nd2 cxd4 13. cxd4 exd4 14. exd4 h4 15. 0-0 hxg3 16. Qb3 c6 17. Nxg3 Rb8 18. Rae1+ Kf8 19. Qd3 Rxb2 20. Nf5 Bxf5 21. Rxf5 Bb4 22. Re2 Bxd2 23. Rxd2 Rxd2 24. Qxd2 Rh4 25. Qf2 Re4 26. Rf3 Qe7 27. Rb3 Kf7 28. Rb1 Re2 29. Qf3 Qe3+ 30. Qxe3 Rxe3 31. Rb7+ Re7 32. Rb4 Re4 33. Kf2 Kg6 34. Ra4 c5 35. Rxa7 Rxd4 36. a4 Rd2+ 37. Kf3 c4 38. a5 Ra2 39. a6 Kf5 40. Rd7 Ke6 41. a7 Kxd7 0-1

[Event "Pozarevac Rudar 12th"]
[Site "Pozarevac"]
[Date "2023.04.29"]
[Round "5"]
[White "Petrovic, Aleksa"]
[Black "Svicevic, Rastko"]
[Result "1-0"]
[WhiteElo "2344"]
[BlackElo "2160"]
[PlyCount "57"]
[EventDate "2023.04.26"]
[EventType "tourn"]
[EventRounds "9"]
[EventCountry "SRB"]
[EventCategory "2"]
[SourceTitle "CBM 214 Extra"]
[Source "ChessBase"]
[SourceDate "2023.07.31"]
[SourceVersion "1"]
[SourceVersionDate "2023.07.31"]
[SourceQuality "1"]

1. c4 d5 2. Qa4+ Nc6 3. cxd5 Qxd5 4. Nc3 Qd4 5. Qc2 e5 6. a3 Be6 7. e3 Qd7 8. Nf3 f6 9. Be2 g5 10. d4 exd4 11. Nxd4 Nxd4 12. exd4 c6 13. d5 Bxd5 14. Nxd5 Qxd5 15. Bh5+ Kd8 16. 0-0 Kc7 17. Bf3 Qe5 18. Be3 Bd6 19. g3 Ne7 20. Rfe1 Qf5 21. Be4 Qg4 22. b4 Be5 23. Rac1 Rhd8 24. b5 Nd5 25. Bxd5 Rxd5 26. bxc6 b6 27. Qxh7+ Kd6 28. h3 Qe6 29. Red1 1-0

[Event "Pozarevac Rudar 12th"]
[Site "Pozarevac"]
[Date "2023.04.28"]
[Round "3"]
[White "Sahib, Singh"]
[Black "Svicevic, Rastko"]
[Result "1-0"]
[WhiteElo "2085"]
[BlackElo "2160"]
[PlyCount "69"]
[EventDate "2023.04.26"]
[EventType "tourn"]
[EventRounds "9"]
[EventCountry "SRB"]
[EventCategory "2"]
[SourceTitle "CBM 214 Extra"]
[Source "ChessBase"]
[SourceDate "2023.07.31"]
[SourceVersion "1"]
[SourceVersionDate "2023.07.31"]
[SourceQuality "1"]

1. e4 c5 2. Nf3 d6 3. d4 cxd4 4. Nxd4 Nf6 5. Nc3 g6 6. Be3 Bg7 7. f3 a6 8. Qd2 h5 9. 0-0-0 b5 10. Kb1 Bb7 11. Nb3 Nbd7 12. Nd5 Rc8 13. Bd4 0-0 14. Nxf6+ Nxf6 15. Bd3 e5 16. Bc3 d5 17. exd5 Qxd5 18. Qe1 Rfd8 19. Qxe5 Qxe5 20. Bxe5 Nd5 21. Bxg7 Kxg7 22. Be4 f5 23. Bxd5 Bxd5 24. Nd4 Kf6 25. Rhe1 g5 26. h3 h4 27. b3 Rd6 28. Rd2 Rcd8 29. c3 b4 30. Kb2 bxc3+ 31. Kxc3 g4 32. hxg4 fxg4 33. fxg4 Rc8+ 34. Kb2 Bxg2 35. Rf2+ 1-0

[Event "Pozarevac Rudar 12th"]
[Site "Pozarevac"]
[Date "2023.04.27"]
[Round "2"]
[White "Svicevic, Rastko"]
[Black "Itgelt, Khuyagtsogt"]
[Result "0-1"]
[WhiteElo "2160"]
[BlackElo "2241"]
[PlyCount "116"]
[EventDate "2023.04.26"]
[EventType "tourn"]
[EventRounds "9"]
[EventCountry "SRB"]
[EventCategory "2"]
[SourceTitle "CBM 214 Extra"]
[Source "ChessBase"]
[SourceDate "2023.07.31"]
[SourceVersion "1"]
[SourceVersionDate "2023.07.31"]
[SourceQuality "1"]

1. e4 e6 2. d4 d5 3. exd5 exd5 4. Nf3 Nc6 5. Bd3 Bd6 6. 0-0 Nge7 7. Re1 Bg4 8. c3 Qd7 9. Nbd2 f6 10. b4 0-0 11. h3 Bf5 12. Bb5 a6 13. Bf1 g5 14. Qb3 Kg7 15. a3 b5 16. a4 Rab8 17. axb5 axb5 18. Qa2 h5 19. Nb3 Ng6 20. Nc5 Bxc5 21. dxc5 g4 22. hxg4 hxg4 23. Nd4 Nxd4 24. cxd4 Rh8 25. g3 Be4 26. Bg2 Bxg2 27. Kxg2 Qf5 28. Re3 Rbe8 29. Qd2 Qh5 30. Kf1 Nf4 31. gxf4 Rxe3 32. Qxe3 Re8 33. Ra7 Rxe3 34. Rxc7+ Re7 35. Rxe7+ Kf8 36. Re1 Qh1+ 37. Ke2 Qf3+ 38. Kd2 Qxf2+ 39. Kd1 Qxd4+ 40. Bd2 g3 41. c6 Qc4 42. Rg1 Qxc6 43. Rxg3 d4 44. Ke2 Kf7 45. Kd1 Ke6 46. Ke2 Kf5 47. Rg7 Qe8+ 48. Kd1 Ke4 49. Rg3 Qh5+ 50. Kc2 Qe2 51. Rg7 Qc4+ 52. Kd1 Qb3+ 53. Kc1 f5 54. Rg6 Qa3+ 55. Kb1 Qd3+ 56. Kc1 Qf1+ 57. Kb2 Kd3 58. Bc1 Qf2+ 0-1

[Event "Titled Tuesday intern op 04th Apr Late"]
[Site "Chess.com INT"]
[Date "2023.04.04"]
[Round "6"]
[White "Martin Barcelo, Carles"]
[Black "Svicevic, Rastko"]
[Result "1-0"]
[WhiteElo "2222"]
[BlackElo "2160"]
[PlyCount "87"]
[EventDate "2023.04.04"]
[EventType "swiss (blitz)"]
[EventRounds "11"]
[EventCountry "USA"]
[SourceTitle "EXT 2024"]
[Source "ChessBase"]
[SourceDate "2023.10.10"]
[SourceVersion "1"]
[SourceVersionDate "2023.10.10"]
[SourceQuality "1"]

1. d4 c6 2. Nf3 d5 3. e3 e6 4. Bd3 f5 5. b3 Bd6 6. 0-0 Qe7 7. a4 a5 8. Ba3 Bxa3 9. Nxa3 Nf6 10. Ne5 Nbd7 11. f4 0-0 12. c4 Ne4 13. Nb1 g5 14. Nd2 Nxe5 15. fxe5 Nxd2 16. Qxd2 Bd7 17. Rf3 Be8 18. Raf1 Bg6 19. R3f2 Qb4 20. Qxb4 axb4 21. cxd5 cxd5 22. Rc1 f4 23. Bxg6 hxg6 24. exf4 gxf4 25. Rc7 b5 26. axb5 Rab8 27. Rc6 Rxb5 28. Rxe6 Kg7 29. Re7+ Kh6 30. h4 Kh5 31. g3 Kg4 32. Kg2 Rbb8 33. Rg7 fxg3 34. Rxg6+ Kxh4 35. Rxg3 Rxf2+ 36. Kxf2 Rf8+ 37. Rf3 Rc8 38. e6 Kg5 39. Kg3 Kg6 40. Kf4 Rc3 41. Rxc3 bxc3 42. Ke3 Kf6 43. Kd3 Kxe6 44. Kxc3 1-0

[Event "Titled Tuesday intern op 04th Apr Late"]
[Site "Chess.com INT"]
[Date "2023.04.04"]
[Round "1"]
[White "Svicevic, Rastko"]
[Black "Fiorito, Francisco"]
[Result "0-1"]
[WhiteElo "2160"]
[BlackElo "2305"]
[PlyCount "66"]
[EventDate "2023.04.04"]
[EventType "swiss (blitz)"]
[EventRounds "11"]
[EventCountry "USA"]
[SourceTitle "EXT 2024"]
[Source "ChessBase"]
[SourceDate "2023.10.10"]
[SourceVersion "1"]
[SourceVersionDate "2023.10.10"]
[SourceQuality "1"]

1. d4 Nf6 2. Bg5 d5 3. Bxf6 exf6 4. e3 g6 5. g3 f5 6. Bg2 Bg7 7. Ne2 0-0 8. 0-0 c6 9. Nd2 Be6 10. Nf4 Nd7 11. b3 Nf6 12. c4 Ne4 13. Qc2 Rc8 14. c5 h5 15. b4 h4 16. Nxe4 fxe4 17. Nxe6 fxe6 18. Qe2 Qg5 19. b5 e5 20. bxc6 bxc6 21. Rad1 exd4 22. exd4 Rce8 23. Qe3 Qh5 24. Rfe1 h3 25. Bf1 g5 26. Qa3 Re7 27. Qa6 Qg6 28. Bxh3 g4 29. Bg2 Ref7 30. Re2 Qf5 31. Qxc6 Rf6 32. Qb5 Rh6 33. c6 Qh5 0-1

[Event "Titled Tuesday intern op 04th Apr Late"]
[Site "Chess.com INT"]
[Date "2023.04.04"]
[Round "2"]
[White "Svicevic, Rastko"]
[Black "Golubev, Mikhail"]
[Result "0-1"]
[WhiteElo "2160"]
[BlackElo "2461"]
[PlyCount "62"]
[EventDate "2023.04.04"]
[EventType "swiss (blitz)"]
[EventRounds "11"]
[EventCountry "USA"]
[SourceTitle "EXT 2024"]
[Source "ChessBase"]
[SourceDate "2023.10.10"]
[SourceVersion "1"]
[SourceVersionDate "2023.10.10"]
[SourceQuality "1"]

1. d4 Nf6 2. Bg5 Ne4 3. Bf4 c5 4. d5 d6 5. f3 Nf6 6. e4 e6 7. Nc3 exd5 8. exd5 Be7 9. Bc4 0-0 10. Nge2 a6 11. a4 Nh5 12. Bg3 Nd7 13. a5 Nxg3 14. hxg3 Ne5 15. b3 Bf6 16. 0-0 Re8 17. Qd2 Nxc4 18. bxc4 g6 19. Ra3 Bg7 20. Rb1 h5 21. Ne4 Bf5 22. Rxb7 Bxe4 23. fxe4 Qc8 24. Rb6 Rxe4 25. Rxd6 Qg4 26. Rf3 Rae8 27. Nf4 Re1+ 28. Kh2 Bd4 29. Nh3 R8e2 30. Qh6 Qxh3+ 31. Kxh3 Rh1# 0-1

[Event "Titled Tuesday intern op 04th Apr Late"]
[Site "Chess.com INT"]
[Date "2023.04.04"]
[Round "8"]
[White "Svicevic, Rastko"]
[Black "Pein, Jonathan"]
[Result "0-1"]
[WhiteElo "2160"]
[BlackElo "2301"]
[PlyCount "70"]
[EventDate "2023.04.04"]
[EventType "swiss (blitz)"]
[EventRounds "11"]
[EventCountry "USA"]
[SourceTitle "EXT 2024"]
[Source "ChessBase"]
[SourceDate "2023.10.10"]
[SourceVersion "1"]
[SourceVersionDate "2023.10.10"]
[SourceQuality "1"]

1. d4 d6 2. e4 Nf6 3. Nc3 e5 4. Nf3 exd4 5. Nxd4 g6 6. h3 Bg7 7. Be3 0-0 8. Be2 Re8 9. Bf3 Nbd7 10. 0-0 Nc5 11. Bg5 h6 12. Bxf6 Qxf6 13. Ndb5 Qd8 14. Qd2 Bd7 15. Nd4 a6 16. Rad1 Ne6 17. Nce2 Ng5 18. Qd3 c5 19. h4 Nxf3+ 20. Nxf3 Bb5 21. c4 Bc6 22. Ng3 Bxb2 23. Qxd6 Qxd6 24. Rxd6 Bxe4 25. Rb6 Bxf3 26. gxf3 Bd4 27. Rxb7 Rab8 28. Rfb1 Rxb7 29. Rxb7 Re1+ 30. Kg2 Ra1 31. Ne4 Rxa2 32. Rc7 a5 33. Nxc5 Rxf2+ 34. Kg3 Rc2 35. Nb3 Be5+ 0-1

[Event "Titled Tuesday intern op 04th Apr Early"]
[Site "Chess.com INT"]
[Date "2023.04.04"]
[Round "8"]
[White "Zhong, Kevin"]
[Black "Svicevic, Rastko"]
[Result "0-1"]
[WhiteElo "2120"]
[BlackElo "2160"]
[PlyCount "136"]
[EventDate "2023.04.04"]
[EventType "swiss (blitz)"]
[EventRounds "11"]
[EventCountry "USA"]
[SourceTitle "EXT 2024"]
[Source "ChessBase"]
[SourceDate "2023.10.10"]
[SourceVersion "1"]
[SourceVersionDate "2023.10.10"]
[SourceQuality "1"]

1. d4 d5 2. c4 c6 3. Nc3 e6 4. e3 f5 5. Nf3 Nf6 6. Bd3 Bd6 7. b3 0-0 8. Bb2 Ne4 9. 0-0 Nd7 10. Ne2 Qe7 11. Ne5 Kh8 12. Rc1 a5 13. Nf4 Nxe5 14. dxe5 Ba3 15. Qh5 Kg8 16. Bxa3 Qxa3 17. Bxe4 fxe4 18. Qg4 Qe7 19. f3 Rf5 20. fxe4 Rxe5 21. Nh5 Rxe4 22. Qg3 Kh8 23. Rf3 Bd7 24. Rcf1 Rg8 25. Rf7 Qh4 26. Rxd7 Qxh5 27. Rxg7 Rg4 28. Rxg8+ Rxg8 29. Qf2 Qg6 30. cxd5 exd5 31. g3 h5 32. Qf4 Qe4 33. Qh6+ Qh7 34. Qf6+ Qg7 35. Qh4 Qe5 36. Rf3 Qa1+ 37. Kg2 Qb2+ 38. Kh3 Qe5 39. Qf6+ Qxf6 40. Rxf6 Kh7 41. Rf7+ Rg7 42. Rxb7 Rxb7 43. Kh4 Re7 44. Kxh5 Rf7 45. g4 Rf2 46. g5 Rxh2+ 47. Kg4 Rxa2 48. Kf5 Rf2+ 49. Ke5 Rg2 50. Kd6 Rxg5 51. Kxc6 d4 52. exd4 Rg3 53. d5 Rxb3 54. d6 a4 55. d7 Rd3 56. Kb5 a3 57. Kc4 Rxd7 58. Kb3 Ra7 59. Ka2 Kg6 60. Kb3 Kf5 61. Ka2 Ke5 62. Ka1 Ke6 63. Kb1 Kd6 64. Ka2 Kc5 65. Ka1 Kc4 66. Kb1 Kb3 67. Kc1 Rc7+ 68. Kd2 Rd7+ 0-1

[Event "Titled Tuesday intern op 28th Mar Late"]
[Site "Chess.com INT"]
[Date "2023.03.28"]
[Round "7"]
[White "Bouget, Alexandre"]
[Black "Svicevic, Rastko"]
[Result "0-1"]
[WhiteElo "2268"]
[BlackElo "2160"]
[PlyCount "114"]
[EventDate "2023.03.28"]
[EventType "swiss (blitz)"]
[EventRounds "11"]
[EventCountry "USA"]
[SourceTitle "EXT 2024"]
[Source "ChessBase"]
[SourceDate "2023.10.10"]
[SourceVersion "1"]
[SourceVersionDate "2023.10.10"]
[SourceQuality "1"]

1. Nc3 c6 2. e4 d5 3. Nf3 g6 4. d3 Bg7 5. Be2 Bg4 6. 0-0 Nf6 7. e5 Nfd7 8. d4 0-0 9. Ng5 Bxe2 10. Qxe2 e6 11. Qg4 h6 12. Nh3 c5 13. f4 cxd4 14. Nb5 d3 15. Be3 dxc2 16. Rac1 Nc6 17. Rxc2 a6 18. Nd6 d4 19. Bf2 d3 20. Rd2 Qa5 21. Rfd1 Ndxe5 22. Qg3 Qxa2 23. fxe5 Bxe5 24. Qxd3 Rad8 25. Qe3 Bg7 26. Nxb7 Rb8 27. Nd6 Rxb2 28. Rxb2 Qxb2 29. Ne4 Ne5 30. Nf4 Ng4 31. Qf3 Nxf2 32. Qxf2 Qb4 33. Ng3 a5 34. Nge2 a4 35. Nd3 Qb5 36. Qc5 Qb3 37. Qc1 a3 38. Nc5 Qb6 39. Kh1 a2 40. Qa3 a1Q 41. Rxa1 Bxa1 42. Qxa1 Qxc5 43. Qf1 Rc8 44. h3 Qc4 45. Kh2 Rd8 46. Qf6 Qc7+ 47. Ng3 Ra8 48. h4 Ra3 49. Qf2 Qxg3+ 50. Qxg3 Rxg3 51. Kxg3 Kg7 52. Kg4 f5+ 53. Kf4 Kf6 54. h5 e5+ 55. Kf3 g5 56. g4 e4+ 57. Kg3 f4+ 0-1

[Event "Titled Tuesday intern op 28th Mar Late"]
[Site "Chess.com INT"]
[Date "2023.03.28"]
[Round "9"]
[White "Gutierrez Olivares, Daniel"]
[Black "Svicevic, Rastko"]
[Result "1-0"]
[WhiteElo "2354"]
[BlackElo "2160"]
[PlyCount "83"]
[EventDate "2023.03.28"]
[EventType "swiss (blitz)"]
[EventRounds "11"]
[EventCountry "USA"]
[SourceTitle "EXT 2024"]
[Source "ChessBase"]
[SourceDate "2023.10.10"]
[SourceVersion "1"]
[SourceVersionDate "2023.10.10"]
[SourceQuality "1"]

1. Nf3 d5 2. c4 e6 3. g3 c6 4. Bg2 g6 5. 0-0 Bg7 6. Qc2 Ne7 7. d3 0-0 8. Nc3 d4 9. Na4 e5 10. b4 b6 11. b5 Bb7 12. bxc6 Bxc6 13. Ba3 Qd7 14. Nb2 Na6 15. Bxe7 Qxe7 16. Nd2 Bxg2 17. Kxg2 Nc5 18. Na4 f5 19. Nxc5 Qxc5 20. Rab1 Rae8 21. f3 Bh6 22. Nb3 Qc6 23. c5 e4 24. Nxd4 exf3+ 25. exf3 Qxc5 26. Qb3+ Kh8 27. Ne6 Rxe6 28. Qxe6 Qc2+ 29. Kh1 Qxd3 30. Rbd1 Qc3 31. Qe7 a5 32. Rd8 Qb4 33. Rxf8+ Bxf8 34. Qf6+ Bg7 35. Qd8+ Bf8 36. Rc1 Qa3 37. Qd4+ Kg8 38. Qd5+ Kh8 39. Rc8 Qe7 40. Qd4+ Kg8 41. Qc4+ Kg7 42. Qc3+ 1-0

[Event "Titled Tuesday intern op 28th Mar Late"]
[Site "Chess.com INT"]
[Date "2023.03.28"]
[Round "4"]
[White "Mendes, Aaron Reeve"]
[Black "Svicevic, Rastko"]
[Result "1-0"]
[WhiteElo "2067"]
[BlackElo "2160"]
[PlyCount "91"]
[EventDate "2023.03.28"]
[EventType "swiss (blitz)"]
[EventRounds "11"]
[EventCountry "USA"]
[SourceTitle "EXT 2024"]
[Source "ChessBase"]
[SourceDate "2023.10.10"]
[SourceVersion "1"]
[SourceVersionDate "2023.10.10"]
[SourceQuality "1"]

1. e4 c6 2. c4 d5 3. cxd5 cxd5 4. exd5 Nf6 5. Nc3 Nxd5 6. Nf3 e6 7. Bb5+ Bd7 8. 0-0 Bxb5 9. Nxb5 Nc6 10. Nbd4 Nxd4 11. Nxd4 Bd6 12. Qg4 0-0 13. Kh1 Be5 14. Nf3 Bf6 15. d4 Qb6 16. Bg5 Rac8 17. Rac1 Qxb2 18. Rxc8 Rxc8 19. h4 Qxa2 20. h5 Bxg5 21. Qxg5 h6 22. Qg4 Nf6 23. Qh4 Qd5 24. Rb1 b6 25. Ne5 Qe4 26. Qxe4 Nxe4 27. Ra1 Rc7 28. Kg1 f6 29. Ng6 Kf7 30. f3 Nd6 31. Re1 Nf5 32. Rd1 Rd7 33. d5 Rxd5 34. Rc1 Rc5 35. Rd1 Rc7 36. Rd8 e5 37. g4 Nd4 38. f4 a5 39. f5 Ne6 40. Rb8 a4 41. fxe6+ Kxe6 42. Rxb6+ Kd5 43. Ra6 Rc4 44. Ne7+ Kc5 45. Rc6+ Kb5 46. Rd6 1-0

[Event "Titled Tuesday intern op 28th Mar Late"]
[Site "Chess.com INT"]
[Date "2023.03.28"]
[Round "8"]
[White "Svicevic, Rastko"]
[Black "Lopez Perdomo, Juan David"]
[Result "1-0"]
[WhiteElo "2160"]
[BlackElo "2020"]
[PlyCount "197"]
[EventDate "2023.03.28"]
[EventType "swiss (blitz)"]
[EventRounds "11"]
[EventCountry "USA"]
[SourceTitle "EXT 2024"]
[Source "ChessBase"]
[SourceDate "2023.10.10"]
[SourceVersion "1"]
[SourceVersionDate "2023.10.10"]
[SourceQuality "1"]

1. d4 c5 2. d5 e6 3. e4 exd5 4. exd5 d6 5. c4 Nf6 6. Nc3 Be7 7. h3 0-0 8. Nf3 Na6 9. Bd3 Nc7 10. 0-0 a6 11. a4 b6 12. a5 b5 13. cxb5 axb5 14. Nxb5 Ncxd5 15. Bg5 Rxa5 16. Qd2 Rxa1 17. Rxa1 Bb7 18. Ne1 Nb4 19. Be2 d5 20. Qf4 Ne4 21. Bxe7 Qxe7 22. Ra7 Nc6 23. Ra3 Qe5 24. Qxe5 Nxe5 25. f3 Ng3 26. Bd1 Nc4 27. Rb3 Ne5 28. Kf2 Nf5 29. Bc2 Ne7 30. Nc7 Bc6 31. f4 Nc4 32. Na6 Ba4 33. Rc3 Bxc2 34. Rxc2 Rc8 35. b3 Na5 36. Rxc5 Rxc5 37. Nxc5 Nec6 38. Ned3 Kf8 39. b4 Nc4 40. b5 Nd4 41. Nb4 Nxb5 42. Nxd5 g6 43. Nd7+ Kg7 44. Kf3 Ncd6 45. Nc5 Na3 46. g4 Nac4 47. Ne4 h6 48. Nxd6 Nxd6 49. Kf2 Ne8 50. Ne3 h5 51. f5 hxg4 52. hxg4 g5 53. Kf3 Nf6 54. Ng2 Nd5 55. Ne1 Kf6 56. Nd3 Nc3 57. Nf2 Nb1 58. Ne4+ Ke5 59. Nxg5 f6 60. Nf7+ Kd4 61. Nh6 Ke5 62. Ng8 Nd2+ 63. Kf2 Ne4+ 64. Kf3 Ng5+ 65. Kg3 Nh7 66. Ne7 Kd6 67. Ng6 Kd5 68. Kf4 Ng5 69. Nh4 Kd6 70. Nf3 Nf7 71. Nd4 Kd5 72. Ne6 Kd6 73. Ng7 Kd5 74. Nh5 Kd6 75. Nxf6 Ke7 76. Ne4 Nd8 77. g5 Kf7 78. g6+ Kg7 79. Kg5 Nc6 80. f6+ Kg8 81. Nd6 Ne5 82. f7+ Kf8 83. Kf6 Nxg6 84. Kxg6 Ke7 85. Kg7 Kxd6 86. f8Q+ Kd7 87. Qf6 Ke8 88. Qf7+ Kd8 89. Qe6 Kc7 90. Qd5 Kb6 91. Kf6 Kc7 92. Ke5 Kb6 93. Kd4 Ka6 94. Qc5 Kb7 95. Qc4 Kb6 96. Kd5 Ka5 97. Qb3 Ka6 98. Kc6 Ka5 99. Qb5# 1-0

[Event "Titled Tuesday intern op 28th Mar Late"]
[Site "Chess.com INT"]
[Date "2023.03.28"]
[Round "10"]
[White "Svicevic, Rastko"]
[Black "Martin Barcelo, Carles"]
[Result "0-1"]
[WhiteElo "2160"]
[BlackElo "2212"]
[PlyCount "88"]
[EventDate "2023.03.28"]
[EventType "swiss (blitz)"]
[EventRounds "11"]
[EventCountry "USA"]
[SourceTitle "EXT 2024"]
[Source "ChessBase"]
[SourceDate "2023.10.10"]
[SourceVersion "1"]
[SourceVersionDate "2023.10.10"]
[SourceQuality "1"]

1. d4 d5 2. Bg5 f6 3. Bh4 Nh6 4. e3 Nf5 5. Bg3 Nxg3 6. hxg3 Bf5 7. Bd3 Qd7 8. Ne2 Nc6 9. c3 e5 10. Bxf5 Qxf5 11. dxe5 Nxe5 12. 0-0 Ng4 13. Nf4 0-0-0 14. Nd2 Bd6 15. Nh3 g5 16. c4 h5 17. cxd5 Qxd5 18. Nf3 Qxd1 19. Rfxd1 Bc5 20. Nd4 Bxd4 21. exd4 Rd5 22. Rd3 Rhd8 23. Rad1 c5 24. f3 Ne5 25. Rc3 Nc6 26. Rdc1 cxd4 27. Rd3 Kb8 28. Nf2 Nb4 29. Rb3 a5 30. a3 Na6 31. Rb6 R8d6 32. Rxd6 Rxd6 33. Nd3 b6 34. Kf2 Re6 35. Rh1 Re3 36. Ne1 Rb3 37. Ke2 Nc5 38. Rxh5 Rxb2+ 39. Kd1 d3 40. Rh6 d2 41. Nc2 Nb3 42. Rh8+ Kc7 43. Rh7+ Kd6 44. Rh8 Rb1+ 0-1

[Event "Titled Tuesday intern op 28th Mar Late"]
[Site "Chess.com INT"]
[Date "2023.03.28"]
[Round "6"]
[White "Svicevic, Rastko"]
[Black "Melikhov, Evgeny V"]
[Result "0-1"]
[WhiteElo "2160"]
[BlackElo "2269"]
[PlyCount "108"]
[EventDate "2023.03.28"]
[EventType "swiss (blitz)"]
[EventRounds "11"]
[EventCountry "USA"]
[SourceTitle "EXT 2024"]
[Source "ChessBase"]
[SourceDate "2023.10.10"]
[SourceVersion "1"]
[SourceVersionDate "2023.10.10"]
[SourceQuality "1"]

1. d4 Nf6 2. Bg5 e6 3. e4 h6 4. Bxf6 Qxf6 5. c3 d5 6. Bd3 c5 7. Nf3 cxd4 8. cxd4 Bb4+ 9. Nc3 Nc6 10. 0-0 Bxc3 11. bxc3 dxe4 12. Bxe4 Bd7 13. Rb1 b6 14. Ne5 Rc8 15. Nxd7 Kxd7 16. Qa4 Qf4 17. Bxc6+ Rxc6 18. Qxa7+ Qc7 19. Qa4 Rc8 20. h3 Ke7 21. Rfc1 Kf8 22. Rb3 Kg8 23. Qb4 Rc4 24. Qxb6 Qxb6 25. Rxb6 Rxc3 26. Rxc3 Rxc3 27. a4 Rc4 28. a5 Rxd4 29. Rb8+ Kh7 30. a6 Ra4 31. Rb6 Ra2 32. Kh2 e5 33. Kg3 f5 34. Kf3 Ra3+ 35. Ke2 e4 36. Kd2 g5 37. Kc2 f4 38. Kb2 Ra5 39. Rb7+ Kg6 40. a7 e3 41. fxe3 fxe3 42. Kb3 e2 43. Re7 Rxa7 44. Rxe2 Rc7 45. Kb4 Kf5 46. Rf2+ Ke4 47. Rf6 h5 48. Rh6 h4 49. Rg6 Kf5 50. Rd6 Rc2 51. Rd5+ Kf4 52. Rd4+ Kf5 53. Rg4 Rf2 54. Kc3 Rf4 0-1

[Event "Titled Tuesday intern op 28th Mar Late"]
[Site "Chess.com INT"]
[Date "2023.03.28"]
[Round "5"]
[White "Svicevic, Rastko"]
[Black "Shkuran, Danylo"]
[Result "1-0"]
[WhiteElo "2160"]
[BlackElo "2329"]
[PlyCount "211"]
[EventDate "2023.03.28"]
[EventType "swiss (blitz)"]
[EventRounds "11"]
[EventCountry "USA"]
[SourceTitle "EXT 2024"]
[Source "ChessBase"]
[SourceDate "2023.10.10"]
[SourceVersion "1"]
[SourceVersionDate "2023.10.10"]
[SourceQuality "1"]

1. d4 Nf6 2. Bg5 e6 3. e4 Be7 4. e5 Nd5 5. Bxe7 Qxe7 6. c4 Nb6 7. Nc3 d6 8. Nf3 Nc6 9. exd6 cxd6 10. Bd3 h6 11. 0-0 0-0 12. Re1 Qd8 13. a3 d5 14. c5 Nd7 15. b4 a6 16. Rb1 Nf6 17. a4 Bd7 18. b5 axb5 19. axb5 Na5 20. Ne5 Qc7 21. Rb4 Rfc8 22. Qb1 Be8 23. b6 Qd8 24. Nb5 Bxb5 25. Bxb5 Ne4 26. Qb2 Qf6 27. f3 Nxc5 28. dxc5 Rxc5 29. Bd3 Qe7 30. h3 Rac8 31. Bb1 Rc3 32. Rg4 Qf6 33. Nd7 Qe7 34. Ne5 Qf6 35. Nd3 Kh8 36. Ra4 Nc4 37. Qe2 Nxb6 38. Ra7 Nc4 39. Rxb7 Qd4+ 40. Kh2 Nd6 41. Rd7 Nf5 42. Qf2 Rxd3 43. Qxd4 Rxd4 44. Bxf5 exf5 45. Rxf7 Rd2 46. Rxf5 d4 47. Rf7 Rd8 48. Ree7 Rg8 49. Rd7 Kh7 50. Rf4 d3 51. Rfd4 Re8 52. Rxd3 Rde2 53. Rd2 R2e6 54. R7d6 R6e7 55. Rd7 Re6 56. R7d6 Re5 57. R6d5 Re1 58. R5d3 R8e7 59. Rd7 R7e6 60. Rf7 Rg6 61. Rf2 Re5 62. Rc7 Rf6 63. Rcc2 Rg6 64. Rce2 Ra5 65. Rd2 Kg8 66. Rde2 Kf8 67. Rb2 Re6 68. f4 Kf7 69. f5 Ree5 70. Rb7+ Kf6 71. Rb6+ Kf7 72. Rb7+ Kf8 73. Rb8+ Ke7 74. Rb7+ Kf6 75. Rb6+ Kf7 76. g4 Re7 77. Rbb2 Rae5 78. Rbd2 Rc7 79. Kg2 Rc6 80. Rde2 Rb5 81. Rf3 Kf6 82. Rfe3 Rbb6 83. Kg3 Kf7 84. h4 Kg8 85. Re8+ Kh7 86. R8e7 Rc3+ 87. R7e3 Rc7 88. Rf3 Rbc6 89. g5 hxg5 90. hxg5 Rc3 91. Rh2+ Kg8 92. Re2 Rxf3+ 93. Kxf3 Kf7 94. Kf4 Rc4+ 95. Re4 Rc1 96. Ra4 Ra1 97. Rxa1 Ke8 98. Ra7 Kf8 99. Ra8+ Kf7 100. g6+ Kf6 101. Rf8+ Ke7 102. Rf7+ Ke8 103. Rxg7 Kf8 104. Rf7+ Kg8 105. Rb7 Kh8 106. Ra7 1-0